000 002630000a22000970004500
100 1 _aNa'aman, Nadav
245 1 0 _aAzariah of Judah and Jeroboam II of Israel
300 _aVol. 43, Num. 2 (Abril, 1993), Páginas 227-234
773 0 _tVetus Testamentum
942 _cANA
999 _c57808
_d57808